Sade y Buñuel (Record no. 91766)

MARC details
000 -LEADER
campo de control de longitud fija 01082nam a2200277 i 4500
001 - NÚMERO DE CONTROL
campo de control 91766
003 - IDENTIFICADOR DE NÚMERO DE CONTROL
campo de control ES-MaACL
005 - FECHA Y HORA DE LA ÚLTIMA TRANSACCIÓN
campo de control 20250822063137.0
007 - CAMPO FIJO DE DESCRIPCIÓN FÍSICA--INFORMACIÓN GENERAL
campo de control de longitud fija t|
008 - DATOS DE LONGITUD FIJA--INFORMACIÓN GENERAL
campo de control de longitud fija 050214s1998 sp ||||1| spa d
020 ## - NÚMERO INTERNACIONAL ESTÁNDAR DEL LIBRO
Número Internacional Estándar del Libro 84-86982-82-0
080 ## - NÚMERO DE LA CLASIFICACIÓN DECIMAL UNIVERSAL
Número de la Clasificación Decimal Universal 791.44 Buñuel, Luis
080 ## - NÚMERO DE LA CLASIFICACIÓN DECIMAL UNIVERSAL
Número de la Clasificación Decimal Universal 82(0:791.43)
100 1# - ENTRADA PRINCIPAL--NOMBRE DE PERSONA
Nombre de persona López Villegas, Manuel,
Fechas asociadas al nombre 1970-
9 (RLIN) 165767
245 10 - MENCIÓN DEL TÍTULO
Título Sade y Buñuel
Resto del título : el Marqués de Sade en la obra cinematográfica de Luis Buñuel /
Mención de responsabilidad, etc. Manuel López Villegas.
260 ## - PUBLICACIÓN, DISTRIBUCIÓN, ETC.
Lugar de publicación, distribución, etc. Teruel :
Nombre del editor, distribuidor, etc. Instituto de Estudios Turolenses ;
Lugar de publicación, distribución, etc. Zaragoza :
Nombre del editor, distribuidor, etc. Departamento de Cultura y Educación,
Fecha de publicación, distribución, etc. [1998]
300 ## - DESCRIPCIÓN FÍSICA
Extensión 181 p. :
Otras características físicas il. ;
Dimensiones 26 cm.
490 1# - MENCIÓN DE SERIE
Mención de serie Colección Luis Buñuel. Estudios y documentos
600 14 - PUNTO DE ACCESO ADICIONAL DE MATERIA--NOMBRE DE PERSONA
Nombre de persona Buñuel, Luis,
Fechas asociadas al nombre 1900-1983
9 (RLIN) 32559
650 14 - PUNTO DE ACCESO ADICIONAL DE MATERIA--TÉRMINO DE MATERIA
Término de materia o nombre geográfico como elemento de entrada Literatura-
Subdivisión general En el cine.
9 (RLIN) 14486
710 2# - ENTRADA AGREGADA--NOMBRE DE ENTIDAD CORPORATIVA
Nombre de entidad corporativa o nombre de jurisdicción como elemento de entrada Instituto de Estudios Turolenses.
9 (RLIN) 4937
710 1# - ENTRADA AGREGADA--NOMBRE DE ENTIDAD CORPORATIVA
Nombre de entidad corporativa o nombre de jurisdicción como elemento de entrada Aragón.
Unidad subordinada Departamento de Cultura y Educación.
9 (RLIN) 1407
830 0# - PUNTO DE ACCESO ADICIONAL DE SERIE-TÍTULO UNIFORME
Título uniforme Colección Luis Buñuel. Estudios y documentos
9 (RLIN) 225680
852 ## - LOCALIZACIÓN
Ubicación ES-MaACL
Número de control de estantería L-28813
Sublocalización o colección R.135303
Holdings
Estatus retirado Estado de pérdida Estado de daño No para préstamo Biblioteca de origen Biblioteca actual Ubicación en estantería Fecha de adquisición Fuente de adquisición Total de préstamos Signatura topográfica completa Código de barras Visto por última vez Precio de reemplazo Tipo de ítem Koha
        Biblioteca del Ateneo de Madrid Biblioteca del Ateneo de Madrid Depósito 2 17/01/2008     L-28813 1095812 23/02/2023 23/02/2023 Libro impreso